|
|
|
|
| LEADER |
01236cam a2200277 i 4500 |
| 001 |
2750476 |
| 003 |
GR-PaULI |
| 005 |
20201109125957.0 |
| 008 |
201109r19841970gw g d 000 0 eng d |
| 952 |
|
|
|0 0
|1 0
|2 ddc
|4 0
|6 R_487_300000000000000_BUC
|7 0
|9 245071
|a THST
|b THST
|d 2020-11-09
|i 010212
|l 0
|o R 487.3 BUC
|p 025000274773
|r 2020-11-09 00:00:00
|t 1
|w 2020-11-09
|y BKN
|
| 999 |
|
|
|c 147924
|d 147924
|
| 010 |
|
|
|a 78576407
|
| 020 |
|
|
|a 3487032031
|
| 040 |
|
|
|a DLC
|c DLC
|d DLC
|d GR-PaULI
|b gre
|e AACR2
|
| 082 |
0 |
0 |
|a 487.3
|2 23
|
| 100 |
1 |
|
|a Buck, Carl Darling,
|d 1866-1955.
|e συγγραφέας
|
| 245 |
1 |
2 |
|a A reverse index of Greek nouns and adjectives :
|b arranged by terminations with brief historical introductions /
|c by Carl Darling Buck and Walter Petersen.
|
| 250 |
|
|
|a 2 Nachdruck der Ausgabe Chicago [1945]
|
| 260 |
|
|
|a Hildesheim ;
|a New York :
|b G. Olms,
|c 1984.
|
| 300 |
|
|
|a xvii, 765 σ. ;
|c 23 εκ.
|
| 650 |
|
4 |
|a Ελληνική γλώσσα
|x Λεξικά
|9 98
|
| 650 |
|
4 |
|a Ελληνική γλώσσα, Νέα
|x Ουσιαστικά
|9 61385
|
| 650 |
|
4 |
|a Ελληνική γλώσσα
|x Επίθετα.
|9 165159
|
| 700 |
1 |
4 |
|a Petersen, Walter,
|d 1881-1939.
|e συγγραφέας
|9 184229
|
| 942 |
|
|
|2 ddc
|c BKN
|
| 998 |
|
|
|c ΜΑΝΙΑ
|d 2020-11
|